000 00420nam a2200157Ia 4500
008 230312s9999||||xx |||||||||||||| ||und||
020 _a0-13-53024-7
082 _a006.6
_bHEA-C
100 _aHearn Donald
245 0 _aComputer Graphics
260 _bPrentice Hall
_aNew Jersey
_c1997
300 _a652
546 _aEng.
650 _aComputer
_vSurvey of computer Graphic , Overview of Graphics systems
942 _cBK
999 _c2806
_d2806